000 00605nam a2200205Ia 4500
005 20250508160217.0
008 008 250505s9999 xx 000 0 eng d
037 _aTextual
040 _aFEDL
_beng
_cFEDL
041 _aeng
_2eng
084 _a371.26, UNI
_qFEDL
100 _aColvin Stephen S
_9768152
245 0 _aEducational tests
260 _aWashington, USA
_bU.S. Government Printing Office
_c1924
300 _a53p.
546 _aBulletin, 1923, No. 57
650 _aEducational - Test and Measurement
_9758070
942 _cTEXL
_h371.26, UNI
999 _c1362684
_d1362684